000 01668cam a22004574i 4500
003 PE-LiUPU
005 20250731173019.0
008 150623s r 000 0 d
020 _a0830822372
035 _a(Sirsi) i9780830822379
040 _aPE-LiUPU
_bspa
_cPE-LiUPU
_erda
049 _aPRUA
082 0 4 _a248.4
_bT27
_221
100 1 _aTaylor, Daniel,
_d1948-,
_eautor.
245 1 4 _aThe myth of certainty :
_bthe reflective Christian and the risk of commitment /
_cDaniel Taylor.
264 1 _aDowners Grove, Illinois :
_bInterVarsity Press,
_c1992.
300 _a158 páginas ;
_c21 centímetros
336 _atext
_2rdacontent
337 _aunmediated
_2rdamedia
338 _avolume
_2rdacarrier
504 _aIncluye bibliografía.
505 0 _aThe nature of reflection. -The reflective Christian and the church. -The reflective Christian in the secular world of ideas. -The search for truth and certainty. -The risk of commitment. -Surviving as a reflective Christian.
526 _aSEG42
526 _aSEG41
526 _aSEG40
526 _aSEG39
526 _aP94
526 _aP87
526 _aP86
526 _aP85
526 _aP77
526 _aP76
526 _aP35
650 0 4 _aVida cristiana.
942 _2ddc
_cBOOK
949 _a248.4 T27
_wDEWEY
_c1
_i47396
_lCCODEBUL1
_mBUL
_r0
_sY
_tBOOK
_u2015-6-24
_xTEOLOGIA
_PP35
_0COMPRA
_o.STAFF. Colección General
994 _aC0
_bPEPRU
596 _a1
999 _a248.4 T27
_wDEWEY
_c23952
_i47396
_d23952
_f2021-11-11
_g5
_lCCODEBUL1
_mBUL
_q1
_r0
_sY
_tBOOK
_u2015-6-24
_xTEOLOGIA
_PP35
_0COMPRA
_o.STAFF. Colección General
980 _81
_gALBERTO SANCHEZ Responsable de Automatización